000 02066nab a2200277 a 4500
005 20250306113612.0
008 991125c2014 sp fr p o 000 0 spa d
035 _aUPN01000219145
040 _aUPN
_bspa
_cUPN
_eaacr2
049 _aART-E
100 1 _aRuiz Montero, Pedro J.
100 1 _aBaena Extremera, Antonio
_6- abaenaextrem@um.es
100 1 _aAyala Martínez, José David
245 1 0 _aActividad físico-educativa en el medio natural: influencia de práctica física sobre la condición física en mujeres mayores
_h[recurso electrónico en línea]
506 0 _aAcceso abierto
520 3 _aLas actividades físicas en el medio natural han experimentado un auge considerable en la última década hasta el día de hoy. A esto hay que sumarle la función de distensión que puede producir en personas inmersas en las imposiciones actuales de nuestra sociedad. La muestra del presente estudio se compone de 43 mujeres, todas ellas participantes del programa de Actividad Física para Mayores de la provincia de Málaga, con edades comprendidas entre los 60 y 79 años y que pertenecen a tres poblaciones inferiores a 3.000 habitantes, en una comarca denominada Sierra de las Nieves. Las participantes cumplimentaron un cuestionario sociodemográfico sobre la participación en el citado programa y realizaron todas las pruebas físicas de las que se compone el Senior Fitness Test (Rikli and Jones, 1999). Los resultados obtenidos muestran diversas correlaciones negativas entre diferentes variables de la condición física de las participantes con determinadas características sociodemográficas y muy pocas relaciones positivas entre las mismas variables.
650 2 _927578
_aAdultos mayores
650 0 _947201
_aCondición física
650 2 _aMujeres
_97160
653 0 _aMedio natural
773 _gVol. 7, no. 15 (2014), p. 55-63
_tEspiral. Cuadernos del profesorado
_x1988-7701
856 4 _uhttps://ojs.ual.es/ojs/index.php/ESPIRAL/article/view/979/902
902 _aGloria Jiménez/0824
905 _aArticulo
942 _cART-E
999 _c191245
_d191245